000 01996nam a2200301 4500
001 45
003 OSt
005 20250401122215.0
008 250122b |||||||e |||| 00| 0 eng d
040 _bpor
041 _hspa
_apor
082 _a920
_bB327e
100 1 _aRoa Bastos, Augusto Antonio,
_d1917-2005.
_9131
240 _aYo, El supremo
245 _aEu, o supremo /
_cRoa Bastos, Augusto ; Tradução de Galeno de Freitas
260 _aSão Paulo
_bCírculo do Livro
300 _a467 p.
520 _aEsgotado há mais de 30 anos no Brasil, “Eu o supremo” foi lançado em 1974 no Paraguai e se tornou um clássico instantâneo, sendo traduzido rapidamente para mais de 20 idiomas. Até hoje, é considerado o romance mais famoso e mais importante do país – sendo também uma das obras sobre ditaduras mais representativas da América Latina. Nesse romance, Roa Bastos parte da biografia do ditador José Gaspar Francia para tentar narrar o perfil do dirigente autoritário latino-americano, trazendo as características de outros personagens históricos do país até apresentar uma figura que se tornaria cada vez mais comum em todo o continente ao longo do século XX, culminando nos anos de chumbo da década de 1970. Carregado de frases lapidares, o romance é também um ensaio histórico, sociológico e filosófico acerca do poder ditatorial. Ao passo que a publicação do romance enfureceu o ditador Alfredo Stroessner, obrigando Roa Bastos (1917-2005) a se exilar na França, “Eu o supremo” fez com que o autor fosse reconhecido em todo o mundo, lhe rendendo dois grandes prêmios literários: Prix du Memorial de America Latina” (1988) e Prêmio Miguel de Cervantes (1989).
650 0 _aLiteratura paraguaia
_9132
650 0 _aDitadura
_934
650 0 _aHistórico
_953
650 0 _aFatos Reais
_933
650 0 _aClássicos
_977
655 0 _aRomance
_923
655 0 _aBiografia
_936
700 _aGaleno de Freitas
_eTradutor
_9133
942 _2ddc
_n0
_cBK
999 _c45
_d45